00467 2200169 4500001002100000005001500021008004100036020002200077035001900099041000700118082001000125090001600135100003400151245005000185260003900235300002300274INLIS00000000003213420241224133346241224||||||||| | ||| |||| || |  a978-623-04-1276-9 0010-1224032134 aid0 a741.5 a741.5 ANI c0 aAnisa Widiyarti & Orange Nira00aCerita Sunnah Sesuai Waktu - Sunnah Pagi Hari aJakartabBhuana Ilmu Populerc2023 a20 cm - 35 halaman